| 000 | 00833cab a2200241 4500 | ||
|---|---|---|---|
| 001 | WB3512-12 | ||
| 008 | 090401t1999 xxu||||| |||| 00| 0 eng d | ||
| 035 | _a(Sirsi) u92337 | ||
| 041 | _aeng | ||
| 245 | _aCountryside reforms | ||
| 260 | _c1999 | ||
| 350 | _a0 | ||
| 490 |
_aIndependent on Sunday _v21 March 1999, 1 & 19(2) |
||
| 520 | _aDiscusses government proposals to mark the 50th anniversary of the creation of the National Park system with a strengthening of the protection for Areas of Outstanding Natural Beauty and the conversion of the New Forest into a National Park. Map. | ||
| 650 | _aAREAS OF OUTSTANDING NATURAL BEAUTY | ||
| 650 | _aDEVELOPMENT | ||
| 650 | _aNATIONAL PARKS | ||
| 650 | _aNEW FOREST | ||
| 650 | _aPLANNING RESTRICTIONS | ||
| 690 | _aCONSERVATION | ||
| 942 | _n0 | ||
| 948 | _c24/03/1999 | ||
| 999 |
_c58551 _d58551 |
||